Sports Quiz

Random Sports or War Quiz

Diamondbacks best player by WAR since 1998 Quiz Stats

 Plays Quiz not verified by Sporcle

Score 0/17 Timer 03:00
0 Plays Today
Year Player % Correct
1999Randy Johnson
96.9%
2000Randy Johnson
96.9%
2001Randy Johnson
96.9%
2002Randy Johnson
96.9%
2004Randy Johnson
96.9%
2013Paul Goldschmidt
84.6%
2014Paul Goldschmidt
84.6%
2003Brandon Webb
80%
2006Brandon Webb
80%
Year Player % Correct
2007Brandon Webb
80%
2011Justin Upton
74.6%
2010Chris Young
56.9%
2012Aaron Hill
56.2%
2008Dan Haren
55.4%
2009Dan Haren
55.4%
2005Craig Counsell
36.9%
1998Omar Daal
26.2%

You're not logged in!

Compare scores with friends on all Sporcle quizzes.
OR
Log In

You Might Also Like...

Show Comments

Extras

Top Quizzes Today


Score Distribution

Your Account Isn't Verified!

In order to create a playlist on Sporcle, you need to verify the email address you used during registration. Go to your Sporcle Settings to finish the process.

Report this User

Report this user for behavior that violates our Community Guidelines.

Details: